000 00460nmm a2200157Ia 4500
008 251105s9999||||xx |||||||||||||||||und||
041 _aspa
100 _aRose, Emilie
245 0 _aProposición indecente
264 _a[Madrid, España] :
_bHarlequin,
_c[Fecha de publicación no identificada]
300 _a0 páginas
490 _a'Pasion en montecarlo'
650 _aRomance
856 _uhttps://public.digitaliapublishing.com/a/95994
942 _cCF
999 _c100407
_d100407